| 000 | 00342nam a2200109Ia 4500 | ||
|---|---|---|---|
| 008 | 200302s9999 xx 000 0 und d | ||
| 100 | _aEdward Denison | ||
| 245 | _a30 - Second architecture the 50 most significant principles and styles in architecture, each explained in half a minute | ||
| 260 | _bI V Y Press | ||
| 260 | _c2013 | ||
| 300 | _a160 | ||
| 999 |
_c6734 _d6734 |
||